1985 College Football AP Poll - Statistics

General Stats
  • This quiz has been taken 29 times
  • The average score is 296 of 341
Answer Stats
Week Rank Team W L T Conference % Correct
Week 2 (9/10) 20 Alabama 1 0 SEC
100%
Week 3 (9/17) 16 Alabama 2 0 SEC
100%
Week 4 (9/24) 15 Alabama 3 0 SEC
100%
Week 5 (10/1) 12 Alabama 4 0 SEC
100%
Week 6 (10/8) 10 Alabama 4 0 SEC
100%
Week 7 (10/15) 15 Alabama 4 1 SEC
100%
Week 10 (11/5) 20 Alabama 6 2 SEC
100%
Week 11 (11/12) 20 Alabama 6 2 1 SEC
100%
Week 14 (12/3) 15 Alabama 8 2 1 SEC
100%
Week 15 (12/10) 15 Alabama 8 2 1 SEC
100%
Postseason 13 Alabama 9 2 1 SEC
100%
Preseason 9 Nebraska 0 0 Big Eight
100%
Week 1 (9/3) 10 Nebraska 0 0 Big Eight
100%
Week 2 (9/10) 18 Nebraska 0 1 Big Eight
100%
Week 3 (9/17) 18 Nebraska 0 1 Big Eight
100%
Week 4 (9/24) 16 Nebraska 1 1 Big Eight
100%
Week 5 (10/1) 13 Nebraska 2 1 Big Eight
100%
Week 6 (10/8) 9 Nebraska 3 1 Big Eight
100%
Week 7 (10/15) 7 Nebraska 4 1 Big Eight
100%
Week 8 (10/22) 5 Nebraska 5 1 Big Eight
100%
Week 9 (10/29) 5 Nebraska 6 1 Big Eight
100%
Week 10 (11/5) 3 Nebraska 7 1 Big Eight
100%
Week 11 (11/12) 2 Nebraska 8 1 Big Eight
100%
Week 12 (11/19) 2 Nebraska 9 1 Big Eight
100%
Week 13 (11/26) 8 Nebraska 9 2 Big Eight
100%
Week 14 (12/3) 7 Nebraska 9 2 Big Eight
100%
Week 15 (12/10) 7 Nebraska 9 2 Big Eight
100%
Postseason 11 Nebraska 9 3 Big Eight
100%
Week 5 (10/1) 20 Texas 2 0 Southwest
100%
Week 6 (10/8) 17 Texas 3 0 Southwest
100%
Week 8 (10/22) 19 Texas 4 1 Southwest
100%
Week 13 (11/26) 18 Texas 8 2 Southwest
100%
Preseason 6 USC 0 0 Pacific-10
100%
Week 1 (9/3) 6 USC 0 0 Pacific-10
100%
Week 2 (9/10) 4 USC 1 0 Pacific-10
100%
Week 3 (9/17) 3 USC 1 0 Pacific-10
100%
Week 4 (9/24) 18 USC 1 1 Pacific-10
100%
Preseason 5 Florida 0 0 SEC
95%
Week 1 (9/3) 5 Florida 0 0 SEC
95%
Week 2 (9/10) 3 Florida 1 0 SEC
95%
Week 3 (9/17) 11 Florida 1 0 1 SEC
95%
Week 4 (9/24) 11 Florida 1 0 1 SEC
95%
Week 5 (10/1) 11 Florida 2 0 1 SEC
95%
Week 6 (10/8) 7 Florida 3 0 1 SEC
95%
Week 7 (10/15) 5 Florida 4 0 1 SEC
95%
Week 8 (10/22) 2 Florida 5 0 1 SEC
95%
Week 9 (10/29) 2 Florida 6 0 1 SEC
95%
Week 10 (11/5) 1 Florida 7 0 1 SEC
95%
Week 11 (11/12) 13 Florida 7 1 1 SEC
95%
Week 12 (11/19) 9 Florida 8 1 1 SEC
95%
Week 13 (11/26) 6 Florida 8 1 1 SEC
95%
Week 14 (12/3) 6 Florida 9 1 1 SEC
95%
Week 15 (12/10) 6 Florida 9 1 1 SEC
95%
Postseason 5 Florida 9 1 1 SEC
95%
Week 5 (10/1) 18 Georgia 3 1 SEC
95%
Week 6 (10/8) 18 Georgia 3 1 SEC
95%
Week 7 (10/15) 16 Georgia 4 1 SEC
95%
Week 9 (10/29) 18 Georgia 5 1 1 SEC
95%
Week 10 (11/5) 17 Georgia 6 1 1 SEC
95%
Week 11 (11/12) 12 Georgia 7 1 1 SEC
95%
Week 12 (11/19) 20 Georgia 7 2 1 SEC
95%
Week 13 (11/26) 20 Georgia 7 2 1 SEC
95%
Week 3 (9/17) 19 Michigan 1 0 Big Ten
95%
Week 4 (9/24) 12 Michigan 2 0 Big Ten
95%
Week 5 (10/1) 7 Michigan 3 0 Big Ten
95%
Week 6 (10/8) 3 Michigan 4 0 Big Ten
95%
Week 7 (10/15) 2 Michigan 5 0 Big Ten
95%
Week 8 (10/22) 4 Michigan 5 1 Big Ten
95%
Week 9 (10/29) 4 Michigan 6 1 Big Ten
95%
Week 10 (11/5) 9 Michigan 6 1 1 Big Ten
95%
Week 11 (11/12) 8 Michigan 7 1 1 Big Ten
95%
Week 12 (11/19) 6 Michigan 8 1 1 Big Ten
95%
Week 13 (11/26) 5 Michigan 9 1 1 Big Ten
95%
Week 14 (12/3) 5 Michigan 9 1 1 Big Ten
95%
Week 15 (12/10) 5 Michigan 9 1 1 Big Ten
95%
Postseason 2 Michigan 10 1 1 Big Ten
95%
Preseason 1 Oklahoma 0 0 Big Eight
95%
Week 1 (9/3) 1 Oklahoma 0 0 Big Eight
95%
Week 2 (9/10) 2 Oklahoma 0 0 Big Eight
95%
Week 3 (9/17) 2 Oklahoma 0 0 Big Eight
95%
Week 4 (9/24) 2 Oklahoma 0 0 Big Eight
95%
Week 5 (10/1) 2 Oklahoma 1 0 Big Eight
95%
Week 6 (10/8) 2 Oklahoma 2 0 Big Eight
95%
Week 7 (10/15) 3 Oklahoma 3 0 Big Eight
95%
Week 8 (10/22) 10 Oklahoma 3 1 Big Eight
95%
Week 9 (10/29) 9 Oklahoma 4 1 Big Eight
95%
Week 10 (11/5) 7 Oklahoma 5 1 Big Eight
95%
Week 11 (11/12) 7 Oklahoma 6 1 Big Eight
95%
Week 12 (11/19) 5 Oklahoma 7 1 Big Eight
95%
Week 13 (11/26) 3 Oklahoma 8 1 Big Eight
95%
Week 14 (12/3) 4 Oklahoma 9 1 Big Eight
95%
Week 15 (12/10) 3 Oklahoma 10 1 Big Eight
95%
Postseason 1 Oklahoma 11 1 Big Eight
95%
Week 5 (10/1) 16 Tennessee 1 0 1 SEC
95%
Week 6 (10/8) 14 Tennessee 2 0 1 SEC
95%
Week 7 (10/15) 20 Tennessee 2 1 1 SEC
95%
Week 8 (10/22) 16 Tennessee 3 1 1 SEC
95%
Week 9 (10/29) 19 Tennessee 3 1 2 SEC
95%
Week 10 (11/5) 19 Tennessee 4 1 2 SEC
95%
Week 11 (11/12) 18 Tennessee 5 1 2 SEC
95%
Week 12 (11/19) 16 Tennessee 6 1 2 SEC
95%
Week 13 (11/26) 10 Tennessee 7 1 2 SEC
95%
Week 14 (12/3) 8 Tennessee 8 1 2 SEC
95%
Week 15 (12/10) 8 Tennessee 8 1 2 SEC
95%
Postseason 4 Tennessee 9 1 2 SEC
95%
Preseason 20 UCLA 0 0 Pacific-10
95%
Week 1 (9/3) 20 UCLA 0 0 Pacific-10
95%
Week 2 (9/10) 10 UCLA 1 0 Pacific-10
95%
Week 3 (9/17) 12 UCLA 1 0 1 Pacific-10
95%
Week 4 (9/24) 13 UCLA 2 0 1 Pacific-10
95%
Week 7 (10/15) 18 UCLA 4 1 1 Pacific-10
95%
Week 8 (10/22) 17 UCLA 5 1 1 Pacific-10
95%
Week 9 (10/29) 15 UCLA 6 1 1 Pacific-10
95%
Week 10 (11/5) 14 UCLA 6 1 1 Pacific-10
95%
Week 11 (11/12) 11 UCLA 7 1 1 Pacific-10
95%
Week 12 (11/19) 8 UCLA 8 1 1 Pacific-10
95%
Week 13 (11/26) 16 UCLA 8 2 1 Pacific-10
95%
Week 14 (12/3) 14 UCLA 8 2 1 Pacific-10
95%
Week 15 (12/10) 13 UCLA 8 2 1 Pacific-10
95%
Postseason 7 UCLA 9 2 1 Pacific-10
95%
Preseason 2 Auburn 0 0 SEC
91%
Week 1 (9/3) 2 Auburn 0 0 SEC
91%
Week 2 (9/10) 1 Auburn 1 0 SEC
91%
Week 3 (9/17) 1 Auburn 2 0 SEC
91%
Week 4 (9/24) 1 Auburn 2 0 SEC
91%
Week 5 (10/1) 14 Auburn 2 1 SEC
91%
Week 6 (10/8) 12 Auburn 3 1 SEC
91%
Week 7 (10/15) 8 Auburn 4 1 SEC
91%
Week 8 (10/22) 6 Auburn 5 1 SEC
91%
Week 9 (10/29) 6 Auburn 6 1 SEC
91%
Week 10 (11/5) 13 Auburn 6 2 SEC
91%
Week 11 (11/12) 14 Auburn 7 2 SEC
91%
Week 12 (11/19) 10 Auburn 8 2 SEC
91%
Week 13 (11/26) 7 Auburn 8 2 SEC
91%
Week 14 (12/3) 16 Auburn 8 3 SEC
91%
Week 15 (12/10) 16 Auburn 8 3 SEC
91%
Preseason 13 LSU 0 0 SEC
91%
Week 1 (9/3) 13 LSU 0 0 SEC
91%
Week 2 (9/10) 12 LSU 0 0 SEC
91%
Week 3 (9/17) 9 LSU 1 0 SEC
91%
Week 4 (9/24) 8 LSU 2 0 SEC
91%
Week 5 (10/1) 8 LSU 2 0 SEC
91%
Week 6 (10/8) 20 LSU 2 1 SEC
91%
Week 7 (10/15) 17 LSU 3 1 SEC
91%
Week 8 (10/22) 18 LSU 4 1 SEC
91%
Week 9 (10/29) 16 LSU 4 1 SEC
91%
Week 10 (11/5) 15 LSU 5 1 SEC
91%
Week 11 (11/12) 19 LSU 5 1 1 SEC
91%
Week 12 (11/19) 17 LSU 6 1 1 SEC
91%
Week 13 (11/26) 13 LSU 7 1 1 SEC
91%
Week 14 (12/3) 12 LSU 8 1 1 SEC
91%
Week 15 (12/10) 12 LSU 8 1 1 SEC
91%
Postseason 20 LSU 9 2 1 SEC
91%
Preseason 8 Ohio State 0 0 Big Ten
91%
Week 1 (9/3) 9 Ohio State 0 0 Big Ten
91%
Week 2 (9/10) 9 Ohio State 0 0 Big Ten
91%
Week 3 (9/17) 7 Ohio State 1 0 Big Ten
91%
Week 4 (9/24) 5 Ohio State 2 0 Big Ten
91%
Week 5 (10/1) 5 Ohio State 3 0 Big Ten
91%
Week 6 (10/8) 15 Ohio State 3 1 Big Ten
91%
Week 7 (10/15) 11 Ohio State 4 1 Big Ten
91%
Week 8 (10/22) 9 Ohio State 5 1 Big Ten
91%
Week 9 (10/29) 8 Ohio State 6 1 Big Ten
91%
Week 10 (11/5) 4 Ohio State 7 1 Big Ten
91%
Week 11 (11/12) 3 Ohio State 8 1 Big Ten
91%
Week 12 (11/19) 12 Ohio State 8 2 Big Ten
91%
Week 13 (11/26) 19 Ohio State 8 3 Big Ten
91%
Week 14 (12/3) 17 Ohio State 8 3 Big Ten
91%
Week 15 (12/10) 17 Ohio State 8 3 Big Ten
91%
Postseason 14 Ohio State 9 3 Big Ten
91%
Preseason 18 Penn State 0 0 Independent
91%
Week 1 (9/3) 19 Penn State 0 0 Independent
91%
Week 2 (9/10) 11 Penn State 1 0 Independent
91%
Week 3 (9/17) 10 Penn State 2 0 Independent
91%
Week 4 (9/24) 9 Penn State 3 0 Independent
91%
Week 5 (10/1) 9 Penn State 4 0 Independent
91%
Week 6 (10/8) 8 Penn State 4 0 Independent
91%
Week 7 (10/15) 6 Penn State 5 0 Independent
91%
Week 8 (10/22) 3 Penn State 6 0 Independent
91%
Week 9 (10/29) 3 Penn State 7 0 Independent
91%
Week 10 (11/5) 2 Penn State 8 0 Independent
91%
Week 11 (11/12) 1 Penn State 9 0 Independent
91%
Week 12 (11/19) 1 Penn State 10 0 Independent
91%
Week 13 (11/26) 1 Penn State 11 0 Independent
91%
Week 14 (12/3) 1 Penn State 11 0 Independent
91%
Week 15 (12/10) 1 Penn State 11 0 Independent
91%
Postseason 3 Penn State 11 1 Independent
91%
Preseason 19 Florida State 0 0 Independent
86%
Week 1 (9/3) 17 Florida State 1 0 Independent
86%
Week 2 (9/10) 7 Florida State 2 0 Independent
86%
Week 3 (9/17) 6 Florida State 2 0 Independent
86%
Week 4 (9/24) 4 Florida State 3 0 Independent
86%
Week 5 (10/1) 4 Florida State 4 0 Independent
86%
Week 6 (10/8) 4 Florida State 4 0 Independent
86%
Week 7 (10/15) 13 Florida State 4 1 Independent
86%
Week 8 (10/22) 11 Florida State 5 1 Independent
86%
Week 9 (10/29) 10 Florida State 6 1 Independent
86%
Week 10 (11/5) 16 Florida State 6 2 Independent
86%
Week 11 (11/12) 16 Florida State 7 2 Independent
86%
Week 12 (11/19) 14 Florida State 8 2 Independent
86%
Week 13 (11/26) 12 Florida State 8 2 Independent
86%
Week 14 (12/3) 18 Florida State 8 3 SEC
86%
Week 15 (12/10) 18 Florida State 8 3 Independent
86%
Postseason 15 Florida State 9 3 Independent
86%
Preseason 4 Iowa 0 0 Big Ten
86%
Week 1 (9/3) 4 Iowa 0 0 Big Ten
86%
Week 2 (9/10) 5 Iowa 0 0 Big Ten
86%
Week 3 (9/17) 4 Iowa 1 0 Big Ten
86%
Week 4 (9/24) 3 Iowa 2 0 Big Ten
86%
Week 5 (10/1) 1 Iowa 3 0 Big Ten
86%
Week 6 (10/8) 1 Iowa 4 0 Big Ten
86%
Week 7 (10/15) 1 Iowa 5 0 Big Ten
86%
Week 8 (10/22) 1 Iowa 6 0 Big Ten
86%
Week 9 (10/29) 1 Iowa 7 0 Big Ten
86%
Week 10 (11/5) 6 Iowa 7 1 Big Ten
86%
Week 11 (11/12) 5 Iowa 7 1 Big Ten
86%
Week 12 (11/19) 3 Iowa 9 1 Big Ten
86%
Week 13 (11/26) 2 Iowa 10 1 Big Ten
86%
Week 14 (12/3) 3 Iowa 10 1 Big Ten
86%
Week 15 (12/10) 4 Iowa 10 1 Big Ten
86%
Postseason 10 Iowa 10 2 Big Ten
86%
Week 12 (11/19) 19 Texas A&M 7 2 Southwest
86%
Week 13 (11/26) 15 Texas A&M 8 2 Southwest
86%
Week 14 (12/3) 11 Texas A&M 9 2 Southwest
86%
Week 15 (12/10) 11 Texas A&M 9 2 Southwest
86%
Postseason 6 Texas A&M 10 2 Southwest
86%
Preseason 12 Washington 0 0 Pacific-10
86%
Week 1 (9/3) 12 Washington 0 0 Pacific-10
86%
Week 5 (10/1) 19 Baylor 3 1 Southwest
82%
Week 6 (10/8) 19 Baylor 4 1 Southwest
82%
Week 7 (10/15) 14 Baylor 5 1 Southwest
82%
Week 8 (10/22) 13 Baylor 6 1 Southwest
82%
Week 9 (10/29) 13 Baylor 7 1 Southwest
82%
Week 10 (11/5) 11 Baylor 7 1 Southwest
82%
Week 11 (11/12) 17 Baylor 7 2 Southwest
82%
Week 12 (11/19) 15 Baylor 8 2 Southwest
82%
Postseason 17 Baylor 9 3 Southwest
82%
Preseason 11 Illinois 0 0 Big Ten
82%
Week 1 (9/3) 11 Illinois 0 0 Big Ten
82%
Week 2 (9/10) 19 Illinois 0 1 Big Ten
82%
Week 3 (9/17) 20 Illinois 1 1 Big Ten
82%
Week 8 (10/22) 15 Miami 5 1 Independent
82%
Week 9 (10/29) 11 Miami 6 1 Independent
82%
Week 10 (11/5) 8 Miami 7 1 Independent
82%
Week 11 (11/12) 6 Miami 7 1 Independent
82%
Week 12 (11/19) 4 Miami 8 1 Independent
82%
Week 13 (11/26) 4 Miami 9 1 Independent
82%
Week 14 (12/3) 2 Miami 10 1 Independent
82%
Week 15 (12/10) 2 Miami 10 1 Independent
82%
Postseason 9 Miami 10 2 Independent
82%
Preseason 14 Notre Dame 0 0 Independent
82%
Week 1 (9/3) 14 Notre Dame 0 0 Independent
82%
Week 2 (9/10) 13 Notre Dame 0 0 Independent
82%
Preseason 16 Oklahoma State 0 0 Big Eight
82%
Week 1 (9/3) 16 Oklahoma State 0 0 Big Eight
82%
Week 2 (9/10) 8 Oklahoma State 1 0 Big Eight
82%
Week 3 (9/17) 8 Oklahoma State 2 0 Big Eight
82%
Week 4 (9/24) 7 Oklahoma State 2 0 Big Eight
82%
Week 5 (10/1) 6 Oklahoma State 3 0 Big Eight
82%
Week 6 (10/8) 5 Oklahoma State 4 0 Big Eight
82%
Week 7 (10/15) 12 Oklahoma State 4 1 Big Eight
82%
Week 8 (10/22) 12 Oklahoma State 4 1 Big Eight
82%
Week 9 (10/29) 12 Oklahoma State 5 1 Big Eight
82%
Week 10 (11/5) 10 Oklahoma State 6 1 Big Eight
82%
Week 11 (11/12) 10 Oklahoma State 7 1 Big Eight
82%
Week 12 (11/19) 7 Oklahoma State 8 1 Big Eight
82%
Week 13 (11/26) 17 Oklahoma State 8 2 Big Eight
82%
Week 14 (12/3) 19 Oklahoma State 8 3 Big Eight
82%
Week 15 (12/10) 19 Oklahoma State 8 3 Big Eight
82%
Preseason 3 SMU 0 0 Southwest
82%
Week 1 (9/3) 3 SMU 0 0 Southwest
82%
Week 2 (9/10) 6 SMU 1 0 Southwest
82%
Week 3 (9/17) 5 SMU 1 0 Southwest
82%
Week 4 (9/24) 6 SMU 1 0 Southwest
82%
Week 5 (10/1) 3 SMU 2 0 Southwest
82%
Week 6 (10/8) 16 SMU 2 1 Southwest
82%
Week 9 (10/29) 20 SMU 4 2 Southwest
82%
Preseason 15 Arkansas 0 0 Southwest
77%
Week 1 (9/3) 15 Arkansas 0 0 Southwest
77%
Week 2 (9/10) 14 Arkansas 0 0 Southwest
77%
Week 3 (9/17) 14 Arkansas 1 0 Southwest
77%
Week 4 (9/24) 10 Arkansas 2 0 Southwest
77%
Week 5 (10/1) 10 Arkansas 3 0 Southwest
77%
Week 6 (10/8) 6 Arkansas 4 0 Southwest
77%
Week 7 (10/15) 4 Arkansas 5 0 Southwest
77%
Week 8 (10/22) 14 Arkansas 5 1 Southwest
77%
Week 9 (10/29) 14 Arkansas 6 1 Southwest
77%
Week 10 (11/5) 12 Arkansas 7 1 Southwest
77%
Week 11 (11/12) 9 Arkansas 8 1 Southwest
77%
Week 12 (11/19) 18 Arkansas 8 2 Southwest
77%
Week 13 (11/26) 14 Arkansas 9 2 Southwest
77%
Week 14 (12/3) 13 Arkansas 9 2 Southwest
77%
Week 15 (12/10) 14 Arkansas 9 2 Southwest
77%
Postseason 12 Arkansas 10 2 Southwest
77%
Postseason 19 Georgia Tech 9 2 1 ACC
77%
Preseason 7 Maryland 0 0 ACC
77%
Week 1 (9/3) 7 Maryland 0 0 ACC
77%
Week 2 (9/10) 17 Maryland 0 1 ACC
77%
Week 3 (9/17) 17 Maryland 1 1 ACC
77%
Week 4 (9/24) 17 Maryland 2 1 ACC
77%
Week 15 (12/10) 20 Maryland 8 3 ACC
77%
Postseason 18 Maryland 9 3 ACC
77%
Preseason 10 BYU 0 0 WAC
73%
Week 1 (9/3) 8 BYU 1 0 WAC
73%
Week 2 (9/10) 16 BYU 1 1 WAC
73%
Week 3 (9/17) 13 BYU 2 1 WAC
73%
Week 4 (9/24) 14 BYU 3 1 WAC
73%
Week 5 (10/1) 15 BYU 3 1 WAC
73%
Week 6 (10/8) 11 BYU 4 1 WAC
73%
Week 7 (10/15) 9 BYU 5 1 WAC
73%
Week 8 (10/22) 7 BYU 6 1 WAC
73%
Week 9 (10/29) 17 BYU 6 2 WAC
73%
Week 10 (11/5) 18 BYU 7 2 WAC
73%
Week 11 (11/12) 15 BYU 8 2 WAC
73%
Week 12 (11/19) 11 BYU 9 2 WAC
73%
Week 13 (11/26) 9 BYU 10 2 WAC
73%
Week 14 (12/3) 9 BYU 10 2 WAC
73%
Week 15 (12/10) 9 BYU 10 2 WAC
73%
Postseason 16 BYU 11 3 WAC
73%
Week 4 (9/24) 20 Virginia 2 0 ACC
73%
Week 8 (10/22) 20 Minnesota 5 1 Big Ten
64%
Preseason 17 South Carolina 0 0 Independent
59%
Week 1 (9/3) 18 South Carolina 1 0 Independent
59%
Week 2 (9/10) 15 South Carolina 2 0 Independent
59%
Week 3 (9/17) 15 South Carolina 2 0 Independent
59%
Week 4 (9/24) 19 Air Force 3 0 WAC
55%
Week 5 (10/1) 17 Air Force 4 0 WAC
55%
Week 6 (10/8) 13 Air Force 5 0 WAC
55%
Week 7 (10/15) 10 Air Force 6 0 WAC
55%
Week 8 (10/22) 8 Air Force 7 0 WAC
55%
Week 9 (10/29) 7 Air Force 8 0 WAC
55%
Week 10 (11/5) 5 Air Force 9 0 WAC
55%
Week 11 (11/12) 4 Air Force 10 0 WAC
55%
Week 12 (11/19) 13 Air Force 10 1 WAC
55%
Week 13 (11/26) 11 Air Force 11 1 WAC
55%
Week 14 (12/3) 10 Air Force 11 1 WAC
55%
Week 15 (12/10) 10 Air Force 11 1 WAC
55%
Postseason 8 Air Force 12 1 WAC
55%
Week 7 (10/15) 19 Army 5 0 Independent
50%
Week 14 (12/3) 20 Bowling Green 11 0 MAC
14%
Week 15 (12/10) 20 Bowling Green 11 0 MAC
14%
No matching quizzes found
Score Distribution
Percent of People with Each Score
Percentile by Number Answered
Your Score History
You have not taken this quiz